Základní ukazatele vývoje ekonomiky České republiky v roce 2001

Vývoj základných ukazovateľov hospodárstva Českej republiky za rok 2001.

Saved in:
Bibliographic Details
Main Author: Gregorová, Marcela
Format: Book Chapter
Language:Czech
Subjects:
Tags: Add Tag
No Tags, Be the first to tag this record!

MARC

LEADER 00000naa a2200000 4500
001 r045113
005 20231002094047.7
041 0 |a cze 
044 |a CZ 
245 1 0 |a Základní ukazatele vývoje ekonomiky České republiky v roce 2001  |c Marcela Gregorová 
520 |a Vývoj základných ukazovateľov hospodárstva Českej republiky za rok 2001. 
610 2 0 |a údaje štatistické 
610 2 0 |a ukazovatele makroekonomické 
610 2 0 |a hospodárstvo národné 
610 2 0 |a vývoj hospodársky 
610 2 0 |a produkt domáci hrubý 
610 2 0 |a príjmy rozpočtu štátneho 
610 2 0 |a výdavky rozpočtu štátneho 
610 2 0 |a zamestnanosť 
610 2 0 |a ceny 
610 2 0 |a dovoz 
610 2 0 |a vývoz 
610 2 0 |a 2000-2001 
610 2 0 |a Česko 
100 1 |a Gregorová, Marcela